000 00468nam a2200193Ia 4500
005 20240823013028.0
008 240823s9999||||xx |||||||||||||| ||und||
020 _a81-7722-375-5
041 _aENGLISH
082 _A358.3 P3
100 _a"Kleiman,Lawerence S"
245 0 _aHuman Resource management
250 _a3rd
260 _c2003
_b"Biztantra,New "
500 _aYES
650 _aHuman Resources
_bManagement Studies
942 _cBK
999 _c166086
_d166086